|
|
|
|
| LEADER |
00000nam a2200000 a 4500 |
| 001 |
vtls009163585 |
| 003 |
SK-MaSNL |
| 005 |
20260424123503.0 |
| 008 |
251031s2007 xr a f 001 0 cze |
| 020 |
|
|
|a 9788073673383
|q (brož.)
|
| 040 |
|
|
|a SNK
|b slo
|c SNK
|e AACR2
|
| 041 |
1 |
|
|a cze
|h eng
|
| 044 |
|
|
|a xr
|c CZ
|
| 072 |
|
7 |
|a 316.4/.7
|x Sociálne interakcie
|2 konspekt
|
| 080 |
|
|
|a 316.774
|2 2001
|
| 080 |
|
|
|a 659.3
|2 2001
|
| 080 |
|
|
|a 316.772.4
|2 2001
|
| 080 |
|
|
|a (048.8)
|2 2001
|
| 100 |
1 |
|
|a Mcquail, Denis,
|d 1935-2017
|4 aut
|9 230799
|
| 240 |
1 |
0 |
|a Mass communication theory an introduction
|l Česky
|
| 245 |
1 |
0 |
|a Úvod do teorie masové komunikace
|c Denis McQuail ; [z anglického originálu přeložili Jan Jirák a Marcel Kabát]
|
| 250 |
|
|
|a 3. vyd.
|
| 260 |
|
|
|a Praha
|b Portál
|c 2007
|
| 300 |
|
|
|a 447 s.
|b ilustr.
|c 24 cm
|
| 650 |
0 |
7 |
|a masová komunikácia
|2 SNKPH
|9 1423
|
| 650 |
0 |
7 |
|a masmédiá
|2 SNKPH
|9 1418
|
| 650 |
0 |
7 |
|a Mass communication
|2 SNKPHeng
|9 324662
|
| 650 |
0 |
7 |
|a Mass media
|2 SNKPHeng
|9 90498
|
| 655 |
|
7 |
|a štúdie
|2 SNKPH
|9 57033
|
| 655 |
|
7 |
|a Studies
|2 SNKPHeng
|9 265573
|
| 700 |
1 |
|
|a Jirák, Jan,
|d 1958-
|4 trl
|9 1637589
|
| 700 |
1 |
|
|a Kabát, Marcel
|4 trl
|9 647053
|
| 919 |
|
|
|a 978-80-7367-338-3
|
| 999 |
|
|
|c 999739
|d 1001669
|
| 952 |
|
|
|a SNK
|b SNK
|y VYP
|7 0
|p 17A0570264
|o snkIC 135897 D1
|i snk2008/4596
|8 3
|g 19.78
|0 0
|1 1
|4 0
|d 2008-02-25
|l 0
|r 2026-02-24 12:16:00
|w 2026-02-24
|
| 952 |
|
|
|t snkQUA 316.772
|a SNKUST
|b SNKUST
|y PREZ
|7 0
|p 17A0571780
|o snkIC 135897
|i snk2007/26193
|8 4
|g 14.84
|0 0
|1 0
|4 0
|d 2007-11-28
|l 0
|r 2025-04-29 00:00:00
|w 2026-02-24
|